| 000 | 01654nam a2200409 a 4500 | ||
|---|---|---|---|
| 001 | ebr10427039 | ||
| 003 | CaPaEBR | ||
| 006 | m u | ||
| 007 | cr cn||||||||| | ||
| 008 | 081219s2008 enkab sb 001 0ceng | ||
| 010 | _z 2008301418 | ||
| 015 |
_aGBA816010 _2bnb |
||
| 016 | 7 |
_z014514339 _2Uk |
|
| 020 | _z9781847252203 (hbk.) | ||
| 020 | _z1847252206 (hbk.) | ||
| 040 |
_aCaPaEBR _cCaPaEBR |
||
| 035 | _a(OCoLC)676695877 | ||
| 043 | _aa-tu--- | ||
| 050 | 1 | 4 |
_aDR438.1 _b.M87 2008eb |
| 082 | 0 | 4 |
_a956.015 _222 |
| 100 | 1 |
_aMurphey, Rhoads, _d1949- |
|
| 245 | 1 | 0 |
_aExploring Ottoman sovereignty _h[electronic resource] : _btradition, image and practice in the Ottoman imperial household, 1400-1800 / _cRhoads Murphey. |
| 260 |
_aLondon ; _aNew York : _bContinuum, _c2008. |
||
| 300 |
_axvi, 352 p. : _bill., maps. |
||
| 504 | _aIncludes bibliographical references (p. [281]-315) and index. | ||
| 504 | _a"Bibliography on sovereignty and systems of dynastic power": p. [317]-342. | ||
| 533 |
_aElectronic reproduction. _bPalo Alto, Calif. : _cebrary, _d2013. _nAvailable via World Wide Web. _nAccess may be limited to ebrary affiliated libraries. |
||
| 650 | 0 |
_aSultans _zTurkey _xHistory. |
|
| 650 | 0 | _aSovereignty. | |
| 651 | 0 |
_aTurkey _xKings and rulers. |
|
| 651 | 0 |
_aTurkey _xHistory _yOttoman Empire, 1288-1918. |
|
| 651 | 0 |
_aTurkey _xCivilization _y1288-1918. |
|
| 651 | 0 |
_aTurkey _xCivilization _xForeign influences. |
|
| 655 | 7 |
_aElectronic books. _2local |
|
| 710 | 2 | _aebrary, Inc. | |
| 856 | 4 | 0 |
_uhttp://site.ebrary.com/lib/rucke/Doc?id=10427039 _zAn electronic book accessible through the World Wide Web; click to view |
| 999 |
_c144060 _d144060 |
||